Online
Catalog

La reina del desierto : (Record no. 42208)

MARC details
000 -CABECERA
campo de control de longitud fija 00841nam a2200229 a 4500
001 - NÚMERO DE CONTROL
campo de control 000042719
005 - FECHA Y HORA DE LA ÚLTIMA TRANSACCIÓN
campo de control 20201002040339.0
008 - DATOS DE LONGITUD FIJA--INFORMACIÓN GENERAL
campo de control de longitud fija 140206s1998 sp abc 000 0 spa d
020 ## - NÚMERO INTERNACIONAL ESTÁNDAR DEL LIBRO
Número Internacional Estándar del Libro 8440680252
040 ## - FUENTE DE LA CATALOGACIÓN
Centro catalogador/agencia de origen DO-SdBNP
Lengua de catalogación spa
Centro/agencia transcriptor BNPHU
041 17 - CÓDIGO DE LENGUA
Código de lengua del texto/banda sonora o título independiente spa
Código de lengua original eng
082 ## - NÚMERO DE LA CLASIFICACIÓN DECIMAL DEWEY
Número de clasificación xxx
Número de documento/Ítem B433W
100 1# - ENTRADA PRINCIPAL--NOMBRE DE PERSONA
Nombre de persona Wallach, Janet,
Fechas asociadas al nombre 1942-
9 (RLIN) 70034
240 10 - TÍTULO UNIFORME
Título uniforme Desert queen
Lenguaje de la obra Español
245 13 - MENCIÓN DE TÍTULO
Título La reina del desierto :
Resto del título la vida de Gertrude Bell, aventurera, asesora de reyes y consejera de Lawrence de Arabia /
Mención de responsabilidad, etc. Janet Wallach ; traducción Montserrat Fernández.
260 ## - PUBLICACIÓN, DISTRIBUCIÓN, ETC.
Lugar de publicación, distribución, etc. Barcelona, España :
Nombre del editor, distribuidor, etc. Ediciones B,
Fecha de publicación, distribución, etc. 1998.
300 ## - DESCRIPCIÓN FÍSICA
Extensión 557 p. :
Otras características físicas il., retrs, mapas ;
Dimensiones 19 cm.
490 1# - MENCIÓN DE SERIE
Mención de serie Biblioteca grandea viajeros
504 ## - NOTA DE BIBLIOGRAFÍA, ETC.
Nota de bibliografía, etc. Bibliografía : p. 557
700 12 - PUNTO DE ACCESO ADICIONAL--NOMBRE DE PERSONA
Nombre de persona Fernández, Montserrat
Término indicativo de función/relación tr.
9 (RLIN) 32360
830 #0 - PUNTO DE ACCESO ADICIONAL DE SERIE-TÍTULO UNIFORME
Título uniforme Biblioteca grandea viajeros
9 (RLIN) 70035
Holdings
Estado de retiro Estado de pérdida Restricciones de uso No para préstamo Código de colección Localización permanente Ubicación/localización actual Ubicación en estantería Fecha de adquisición Número de inventario Total de préstamos Signatura topográfica completa Código de barras Fecha visto por última vez Precio válido a partir de Tipo de ítem Koha
      Excluido de préstamo Monografías: Libros y Folletos General General En catalogación 06.02.2014 LF1   xxx B433W 42719-10 25.06.2020 25.06.2020 No se presta

Powered by Koha